ENDODONTICS (Record no. 4235)

MARC details
000 -LEADER
fixed length control field 00351nam a2200145Ia 4500
008 - FIXED-LENGTH DATA ELEMENTS--GENERAL INFORMATION
fixed length control field 150201s2008 xx 000 0 und d
082 ## - DEWEY DECIMAL CLASSIFICATION NUMBER
Classification number 617.6342
Item number E2008I
100 ## - MAIN ENTRY--PERSONAL NAME
Personal name INGLE
245 ## - TITLE STATEMENT
Title ENDODONTICS
250 ## - EDITION STATEMENT
Edition statement 6TH
260 ## - PUBLICATION, DISTRIBUTION, ETC. (IMPRINT)
Name of publisher, distributor, etc. B.C.DECKER
Place of publication, distribution, etc. TORONTO
Date of publication, distribution, etc. 2008
300 ## - PHYSICAL DESCRIPTION
Extent 1-1554
650 ## - SUBJECT ADDED ENTRY--TOPICAL TERM
Topical term or geographic name as entry element CONSERVATIVE DENTISTRY & ENDODONTICS
942 ## - ADDED ENTRY ELEMENTS (KOHA)
Source of classification or shelving scheme Dewey Decimal Classification
Koha item type Books
Holdings
Withdrawn status Lost status Source of classification or shelving scheme Damaged status Not for loan Home library Current library Date acquired Source of acquisition Cost, normal purchase price Serial Enumeration / chronology SGTU Bill Number Total Checkouts Full call number Barcode Date last seen Bill Date Koha item type Date last checked out
    Dewey Decimal Classification     SGT Dental Library SGT Dental Library 23/04/2009 U.B.S.DELHI 2450.00 1 SGTU 80   617.6342 E2008I FD5728 09/02/2015 16/02/2013 Books  
    Dewey Decimal Classification     SGT Dental Library SGT Dental Library 23/04/2009 U.B.S.DELHI 2450.00 1 SGTU 80 1 617.6342 E2008I FD5729 21/05/2025 16/02/2013 Books 12/05/2025